000 00764nam a2200253Ia 4500
003 OSt
005 20220918174250.0
006 a|||||r|||| 00| 0
007 ta
008 220917b |||||||| |||| 00| 0 eng d
024 _a11,301
037 _cTextual
040 _aARTS
_cARTS
_beng
041 _2eng
_aeng
082 _aM2:{W:19(zA)}, L2
100 _aDesmond Robert W.
_949728
245 0 _aPress and world affairs
260 _aNew York
_bArno Press
_c1972
490 _aInternational propaganda and communications ed by Christopher sterling
500 _aOriginally published in 1937 by D Appleton century
650 _aINDUSTRIAL ARTS
942 _hM2:{W:19(zA)}, L2
_cTEXL
_2CC
999 _c152415
_d152415